000 00460nam a2200193Ia 4500
005 20240913125725.0
008 240913s9999||||xx |||||||||||||| ||und||
020 _a978-81-8128-677-2
041 _aENGLISH
082 _A621.3845 P5
100 _aBiglieri,Ezio
245 0 _aCoding for Wireless Channels
250 _a1st
260 _c2005
_bSpringer,New
500 _aREFERENCE
650 _aWireless
_bElectronics
942 _cREF
999 _c246135
_d246135